| 000 | 01132cab a2200217 4500 | ||
|---|---|---|---|
| 001 | X83467 | ||
| 008 | 090401t1998 xxu||||| |||| 00| 0 eng d | ||
| 035 | _a(Sirsi) u83467 | ||
| 041 | _aeng | ||
| 245 | _aR v East Hertfordshire DC ex parte Beckham | ||
| 260 | _c1998 | ||
| 350 | _a0 | ||
| 490 |
_aJournal of Planning and Environment Law _v[1998] JPL 55-60(6) |
||
| 520 | _aQBD 26 June 1997. Two identical planning permissions were refused for erection of a detached house and garage on land adjoining applicant`s property. With no apparent change of circumstances a third application succeeded. In all three cases the officers advised against grant of planning permission. The council gave as the reason for its change of heart that the police supported the building of the house as additional security. An application for judicial review was sought citing the reason as irrevelant and incorrect. Application allowed. | ||
| 650 | _aJUDICIAL REVIEW | ||
| 650 | _aMATERIAL CHANGE IN CIRCUMSTANCES | ||
| 650 | _aPLANNING PERMISSION | ||
| 690 | _aPLANNING LAW AND PRACTICE-CASE LAW | ||
| 942 | _n0 | ||
| 948 | _c02/02/1998 | ||
| 999 |
_c52717 _d52717 |
||